[Event "Dvorkovich Memorial Rapid 2018"]
[Site "Taganrog"]
[Date "2018.01.14"]
[Round "9"]
[White "Chernyavsky, Alexander"]
[Black "Kharchenko, Boris"]
[Result "1-0"]
[WhiteElo "2326"]
[BlackElo "2464"]
[Annotator "TA"]
[PlyCount "65"]
[EventDate "2018.??.??"]
[EventType "swiss"]
[EventCountry "RUS"]
[SourceTitle "playchess.com"]
[Source "ChessBase"]
[SourceQuality "1"]

{[%evp 23,65,-24,0,0,0,0,0,0,6,16,25,21,17,0,0,0,0,0,195,189,179,187,194,194,247,238,237,224,327,331,320,305,345,340,347,327,347,288,301,272,414,414,414,400]} 1. d4 d5 2. Nf3 Nf6 3. Bf4 c5 4. c3 Nc6 5. e3 Qb6 6. Qb3 c4 7. Qc2 Bf5 8. Qc1 Nh5 {D02: 1 d4 d5 2 Nf3 sidelines, including 2...Nf6 3 g3 and 2...Nf6 3 Bf4} (8... h6 9. h3 e6 10. Nbd2 Be7 11. Be2 Qd8 12. Ne5 Nxe5 13. Bxe5 O-O 14. O-O b5 15. Re1 Ne4 16. Bf3 Ng5 17. Bd1 {½-½ (36) Stupak,K (2573)-Gelfand,B (2729) Tbilisi 2017}) 9. Bg3 Nxg3 10. hxg3 h6 11. Nbd2 e6 12. Be2 Be7 {LiveBook: 5 Games} 13. Bd1 O-O 14. Bc2 Bxc2 15. Qxc2 Qc7 $146 ({Predecessor:} 15... f5 16. b3 cxb3 17. axb3 {0-1 (55) Sandipan,C (2569)-Asgarizadeh,A (2412) Moscow 2015}) 16. e4 f5 17. exd5 exd5 18. Nf1 Bd6 19. Ne3 Qf7 20. g4 {[%cal Rc2f5]} fxg4 $2 {[#]} (20... Ne7 $11) 21. Ng5 $1 $18 {[%csl Gg5][%cal Rc2h7][%mdl 512]} Qxf2+ (21... hxg5 22. Qh7#) 22. Qxf2 Rxf2 23. Kxf2 {Ne6 is the strong threat.} hxg5 (23... Rf8+ {was necessary.} 24. Nf3 gxf3) 24. Nxd5 Rf8+ 25. Ke2 Bf4 (25... Re8+ $142 26. Kd2 Bg3) 26. Raf1 Rf5 27. Ne3 Ra5 28. Nxc4 Ra4 29. Na3 Bd6 30. Nb5 Bb8 31. Ra1 a6 (31... Ne7 $142 32. Rhf1 Ng6) 32. Na3 Ne7 33. Nc2 {Precision: White = 78%, Black = 52%.} 1-0

[Event "Dvorkovich Memorial Rapid 2018"]
[Site "Taganrog"]
[Date "2018.01.14"]
[Round "9"]
[White "Kamenets, Anatolij"]
[Black "Tyurin, Artem"]
[Result "0-1"]
[WhiteElo "2294"]
[BlackElo "1820"]
[Annotator "ChessBase"]
[PlyCount "61"]
[EventDate "2018.??.??"]
[EventType "swiss"]
[EventCountry "RUS"]
[SourceTitle "playchess.com"]
[Source "ChessBase"]
[SourceQuality "1"]
[TimeControl "900+10"]

1. d4 {[%emt 0:00:00]} Nf6 {[%emt 0:00:00]} 2. c4 {[%emt 0:00:00]} g6 {[%emt 0:00:00]} 3. f3 {[%emt 0:00:00]} d5 {[%emt 0:00:00]} 4. cxd5 {[%emt 0:00:00]} Nxd5 {[%emt 0:00:04]} 5. e4 {[%emt 0:00:00]} Nb6 {[%emt 0:00:01]} 6. Nc3 {[%emt 0:00:00]} Bg7 {[%emt 0:00:23]} 7. Be3 {[%emt 0:00:00]} O-O {[%emt 0:00:00]} 8. Qd2 {[%emt 0:00:00]} Nc6 {[%emt 0:00:00]} 9. Rd1 {[%emt 0:00:00]} e5 {[%emt 0:01:02]} 10. d5 {[%emt 0:00:13]} Nd4 {[%emt 0:00:15]} 11. Nb5 {[%emt 0:00:07]} Re8 {[%emt 0:01:05]} 12. Nxd4 {[%emt 0:10:31]} exd4 {[%emt 0:00:13]} 13. Bxd4 {[%emt 0:00:03]} Qxd5 {[%emt 0:00:18]} 14. Bxg7 {[%emt 0:00:15]} Qxd2+ {[%emt 0:00:00]} 15. Rxd2 {[%emt 0:00:00]} Kxg7 {[%emt 0:00:06]} 16. Bd3 {[%emt 0:02:59]} Be6 {[%emt 0:01:01]} 17. b3 {[%emt 0:00:03]} c5 {[%emt 0:03:36]} 18. Ne2 {[%emt 0:00:27]} Rad8 {[%emt 0:00:22]} 19. Nf4 {[%emt 0:00:35]} g5 {[%emt 0:04:06]} 20. Nxe6+ {[%emt 0:01:19]} Rxe6 {[%emt 0:00:04]} 21. Bc2 {[%emt 0:01:01]} Red6 {[%emt 0:00:21]} 22. Rxd6 {[%emt 0:00:00]} Rxd6 {[%emt 0:00:10]} 23. Ke2 {[%emt 0:00:04]} c4 {[%emt 0:02:42]} 24. Rc1 {[%emt 0:00:10]} Rc6 {[%emt 0:00:34]} 25. b4 {[%emt 0:00:00]} Kf6 {[%emt 0:01:18]} 26. Ke3 {[%emt 0:00:05]} Re6 {[%emt 0:00:26]} 27. Bd1 {[%emt 0:00:16]} Nd5+ {[%emt 0:00:13]} 28. Kf2 {[%emt 0:01:16]} Nxb4 {[%emt 0:00:04]} 29. Rxc4 {[%emt 0:00:02]} Rd6 {[%emt 0:01:00]} 30. Bb3 {[%emt 0:00:07]} Nd3+ {[%emt 0:00:08]} 31. Kg3 {[%emt 0:00:27]} 0-1

[Event "Dvorkovich Memorial Rapid 2018"]
[Site "Taganrog"]
[Date "2018.01.14"]
[Round "9"]
[White "Nazaretyan, Tigran"]
[Black "Danchenko, Artemiy"]
[Result "1-0"]
[WhiteElo "2285"]
[BlackElo "1836"]
[Annotator "ChessBase"]
[PlyCount "83"]
[EventDate "2018.??.??"]
[EventType "swiss"]
[EventCountry "RUS"]
[SourceTitle "playchess.com"]
[Source "ChessBase"]
[SourceQuality "1"]
[TimeControl "900+10"]

1. d4 {[%emt 0:00:00]} d5 {[%emt 0:00:10]} 2. c4 {[%emt 0:00:04]} e6 {[%emt 0:00:01]} 3. Nf3 {[%emt 0:00:13]} Nf6 {[%emt 0:00:00]} 4. Nc3 {[%emt 0:00:00]} Be7 {[%emt 0:00:01]} 5. Bf4 {[%emt 0:00:00]} O-O {[%emt 0:00:09]} 6. e3 {[%emt 0:00:48]} Nbd7 {[%emt 0:00:00]} 7. c5 {[%emt 0:00:00]} c6 {[%emt 0:00:00]} 8. h3 {[%emt 0:00:18]} Ne4 {[%emt 0:01:09]} 9. Nxe4 {[%emt 0:00:49]} dxe4 {[%emt 0:00:01]} 10. Ne5 {[%emt 0:00:08]} Nxe5 {[%emt 0:02:00]} 11. Bxe5 {[%emt 0:00:03]} b6 {[%emt 0:00:12]} 12. b4 {[%emt 0:00:18]} a5 {[%emt 0:02:00]} 13. a3 {[%emt 0:00:07]} Qd5 {[%emt 0:00:45]} 14. Be2 {[%emt 0:01:47]} bxc5 {[%emt 0:00:37]} 15. bxc5 {[%emt 0:00:03]} Bxc5 {[%emt 0:00:43]} 16. Qc2 {[%emt 0:00:48]} Be7 {[%emt 0:00:45]} 17. Bc4 {[%emt 0:00:31]} Qd7 {[%emt 0:00:04]} 18. Qxe4 {[%emt 0:00:06]} Bb7 {[%emt 0:01:11]} 19. O-O {[%emt 0:00:30]} c5 {[%emt 0:00:49]} 20. Qg4 {[%emt 0:00:08]} g6 {[%emt 0:01:07]} 21. Rfd1 {[%emt 0:02:06]} cxd4 {[%emt 0:01:17]} 22. Rxd4 {[%emt 0:00:05]} Qc6 {[%emt 0:00:11]} 23. a4 {[%emt 0:01:28]} h5 {[%emt 0:01:12]} 24. Qg3 {[%emt 0:00:23]} Rfd8 {[%emt 0:00:24]} 25. Bb5 {[%emt 0:00:57]} Qb6 {[%emt 0:00:54]} 26. Bc7 {[%emt 0:00:28]} Qc5 {[%emt 0:00:24]} 27. Bxd8 {[%emt 0:00:17]} Rxd8 {[%emt 0:00:01]} 28. Rxd8+ {[%emt 0:00:28]} Bxd8 {[%emt 0:00:02]} 29. Qb8 {[%emt 0:00:16]} Qd5 {[%emt 0:00:19]} 30. e4 {[%emt 0:00:14]} Qd4 {[%emt 0:00:01]} 31. Re1 {[%emt 0:00:21]} Bxe4 {[%emt 0:00:33]} 32. Rxe4 {[%emt 0:00:47]} Qxe4 {[%emt 0:00:01]} 33. Qxd8+ {[%emt 0:00:02]} Kg7 {[%emt 0:00:00]} 34. Qxa5 {[%emt 0:00:10]} Qb1+ {[%emt 0:00:33]} 35. Bf1 {[%emt 0:00:11]} Qe4 {[%emt 0:00:05]} 36. Qc3+ {[%emt 0:00:10]} Kh7 {[%emt 0:00:04]} 37. a5 {[%emt 0:00:05]} Qa8 {[%emt 0:00:13]} 38. a6 {[%emt 0:00:04]} Qa7 {[%emt 0:00:05]} 39. Qb2 {[%emt 0:00:04]} Qa8 {[%emt 0:00:15]} 40. Qb7 {[%emt 0:00:05]} Qd8 {[%emt 0:00:08]} 41. Qxf7+ {[%emt 0:00:06]} Kh6 {[%emt 0:00:07]} 42. Qxe6 {[%emt 0:00:04]} 1-0

[Event "Dvorkovich Memorial Rapid 2018"]
[Site "Taganrog"]
[Date "2018.01.14"]
[Round "9"]
[White "Murzin, Volodar"]
[Black "Matjushin, Gennady"]
[Result "1-0"]
[WhiteElo "2268"]
[BlackElo "2417"]
[Annotator "TA"]
[PlyCount "199"]
[EventDate "2018.??.??"]
[EventType "swiss"]
[EventCountry "RUS"]
[SourceTitle "playchess.com"]
[Source "ChessBase"]
[SourceQuality "1"]

{[%evp 20,199,51,47,51,59,56,53,53,54,45,45,99,59,68,49,70,52,54,38,36,47,40,0,0,0,-5,-14,0,0,0,-12,0,-16,-13,-10,6,0,7,0,0,-10,-5,-6,-9,-16,0,-10,-11,-37,-18,-17,7,-12,-18,-19,-5,-24,-24,-33,-7,-6,0,0,0,0,0,0,0,0,45,6,6,0,5,0,17,0,0,0,14,0,0,0,0,0,0,0,0,0,10,11,18,0,6,0,0,-26,-12,-4,0,-75,-26,-21,-21,-25,-20,-93,-68,-76,-80,-101,-88,-94,0,0,0,0,0,0,0,0,0,-1183,-1090,-885,-604,-523,-393,-1390,-466,-1336,0,0,0,0,0,0,0,-1114,-1025,-905,8,8,8,8,8,8,29979,29982,29982,29983,29983,29984,29983,29984,29984,29985,29986,29987,29987,29988,29992,29988,29988,29989,29989,29990,29990,29991,29991,29992,29992,29993,29995,29996,29997,29993,29993,29994,29994,29994]} 1. e4 d6 2. d4 Nf6 3. Nc3 Nc6 4. Nf3 g6 5. h3 Bg7 6. Be2 O-O 7. O-O a6 8. a4 {B08: Pirc Defence: Classical System} e6 9. Be3 h6 (9... b6 10. d5 exd5 11. exd5 Ne7 12. Bc4 Bb7 13. Qd2 Nf5 14. Bf4 Qd7 15. Rfe1 Rfe8 16. Rxe8+ Rxe8 17. Re1 Rxe1+ 18. Qxe1 {½-½ (63) Caruana,F (2799)-Grischuk,A (2782) Saint Louis 2017}) 10. Qd2 Kh7 11. Rad1 {LiveBook: 5 Games} b6 12. e5 $146 ({Find the theoretical novelty and annotate with similar games:} 12. Qc1 Bb7 13. Nh2 Ne7 14. Ng4 Nfg8 {1-0 (46) Jurcik,M (2500)-Rasik,V (2445) Czech Republic 2017}) 12... dxe5 13. Nxe5 Bb7 14. Bf3 Qe8 15. Qe2 Ra7 (15... Nd5 $14) 16. Rfe1 Qa8 17. Bf4 Ne7 18. Bxb7 Qxb7 19. Nf3 Raa8 20. Be5 Rad8 21. Ne4 Nxe4 22. Qxe4 Qxe4 23. Rxe4 Bxe5 24. Nxe5 Kg7 25. Re3 Rd6 26. Red3 Rfd8 27. c3 Re8 28. Kf1 Rdd8 29. g3 g5 30. Kg2 f6 31. Nf3 Kf7 32. R3d2 h5 33. h4 g4 34. Ng1 Ng6 35. Ne2 Rd7 36. Kf1 Red8 37. Ke1 Ke7 38. Nc1 a5 39. Nd3 Kf7 40. Ke2 Rd5 41. Ne1 Ne7 42. Ng2 Rf5 43. Ne3 Rf3 44. Rd3 Ng6 45. Ng2 (45. d5 {NOTEXT} Re8 46. d6 Ne5 47. Rd4 c5 48. d7) 45... Rxd3 46. Rxd3 $11 {[%mdl 4096] Endgame KRN-KRN} Ke7 47. Ne3 Kd6 48. Nc4+ Kd5 49. Ne3+ Kd6 50. Nc4+ Kd5 51. Ne3+ Kc6 52. Ng2 Rb8 53. Re3 Kd6 54. Kd3 c6 55. Re2 b5 56. axb5 cxb5 57. Ne3 a4 58. Nc2 f5 {[%cal Bf6f5,Bf5f4][%mdl 32]} 59. Nb4 f4 60. Na6 (60. Kd2 $11 {remains equal.}) 60... Rf8 61. Nc5 e5 62. Ne4+ $1 Kd5 {Hoping for ...fxg3.} 63. Ng5 (63. Nd2 $11 {keeps the balance.}) 63... fxg3 $17 64. fxg3 Rf1 65. dxe5 Nxe5+ 66. Kc2 Nc4 (66... Kd6 $17) 67. Ne6 $11 Rf3 {White must now prevent ...Ne3+.} 68. Nf4+ Kc5 {And now ...Ne3+ would win.} 69. Nxh5 b4 70. cxb4+ Kxb4 71. Re4 $2 {[%mdl 8192]} (71. Nf4 $11 Rxg3 72. h5) 71... Rf2+ $19 72. Kd1 Kb3 73. Nf4 Rxb2 74. Ne6 $2 (74. Re7 a3 75. Rb7+ Ka2 76. Rc7) 74... a3 (74... Rb1+ $142 75. Ke2 a3 76. Nc5+ Kb4 77. Nd3+ Kb5) 75. Nc5+ (75. Nd4+ $142 Kc3 76. Ne2+ Kd3 77. Rd4+ Ke3 78. Rxc4) 75... Kc3 $2 ({Black should try} 75... Kb4 $1 $19 76. Nd3+ Kb5 77. Nxb2 axb2) 76. Na4+ $11 Kd3 {[%cal Rb2b1]} 77. Nc5+ Kc3 78. Na4+ Kb3 $2 {[%mdl 8192]} (78... Kd3 $11 79. Nc5+ Kc3) 79. Nc5+ $19 {[#]} Kb4 $1 {Strongly threatening ...a2.} 80. Nd3+ {[#]} Kc3 $2 (80... Kb5 $1 $19 {( -> ...a2!)} 81. Nc1 Rd2+ 82. Ke1 Rc2) 81. Nxb2 $11 Nxb2+ {KR-KN} 82. Kc1 a2 {[%cal Ra2a1]} 83. Re3+ Kd4 $2 {[%mdl 8192]} (83... Nd3+ $11 84. Rxd3+ Kxd3) 84. Kxb2 {White mates.} Kxe3 {KPP-KPP} 85. h5 Kf3 86. h6 Kxg3 {KPP-KP} 87. h7 Kf2 88. h8=Q a1=B+ 89. Kxa1 g3 90. Qf6+ Kg1 91. Qf4 Kh1 92. Kb2 g2 93. Qh4+ Kg1 94. Kc2 Kf1 95. Qf4+ Ke2 96. Qg3 Kf1 97. Qf3+ Ke1 98. Qe3+ Kf1 99. Kd2 {[%csl Gd2][%cal Re3e1]} g1=N 100. Qf4+ {Precision: White = 48%, Black = 49%.} 1-0

[Event "Dvorkovich Memorial Rapid 2018"]
[Site "Taganrog"]
[Date "2018.01.14"]
[Round "9"]
[White "Oganian, Roman"]
[Black "Pogonina, Natalija"]
[Result "0-1"]
[WhiteElo "2215"]
[BlackElo "2478"]
[Annotator "TA"]
[PlyCount "54"]
[EventDate "2018.??.??"]
[EventType "swiss"]
[EventCountry "RUS"]
[SourceTitle "playchess.com"]
[Source "ChessBase"]
[SourceQuality "1"]

{[%evp 13,54,8,27,0,25,20,17,25,7,13,18,0,0,-42,-32,-39,-43,-75,-8,-16,-14,-42,-40,-62,-59,-58,-23,-76,-73,-75,-62,-75,-45,-145,-154,-161,-177,-1049,-1040,-1045,-1045,-1031,-1022]} 1. e4 e5 2. Nf3 Nc6 3. Bc4 Bc5 4. O-O Nf6 5. d3 h6 6. c3 d6 7. a4 a6 {LiveBook: 98 Games} 8. d4 {C54: Giuoco Piano: 4 c3 Nf6, main lines with 5 d4 and 5 d3} (8. Re1 {NOTEXT} O-O 9. b4 Ba7 10. Nbd2 Ne7 11. h3) (8. Re1 O-O 9. h3 Re8 10. b4 Ba7 11. Nbd2 Qe7 12. Nf1 Be6 13. Be3 Bxc4 14. dxc4 Qe6 15. Bxa7 Nxa7 {1-0 (47) Karjakin,S (2760)-Mamedyarov,S (2799) Riadh 2017}) 8... Bb6 (8... Ba7 {NOTEXT} 9. dxe5 Nxe5 10. Nxe5 dxe5 11. Qxd8+ Kxd8 12. Nd2 Ke7) 9. dxe5 Nxe5 10. Nxe5 {The position is equal.} dxe5 11. Qxd8+ $146 ({Find the theoretical novelty and annotate with similar games:} 11. a5 Ba7 12. Qb3 O-O 13. Nd2 Qe7 14. Qc2 {1-0 (47) Saranya,J (2057)-Tiagra,N Al Ain 2013}) 11... Kxd8 12. Re1 Ke7 13. Be3 Bxe3 14. Rxe3 Rd8 {aiming for ...Rd1+.} 15. f3 Be6 ({Black should play} 15... Rd1+ $17 16. Kf2 Be6 17. Bxe6 Kxe6) 16. Na3 $11 g5 17. Kf2 g4 $36 {[%mdl 2048] Black has the initiative.} 18. Ree1 gxf3 19. gxf3 Nh5 20. Rad1 (20. Red1 $11) 20... Nf4 $17 21. Bxe6 Kxe6 22. Kf1 $1 Rg8 23. Nc4 (23. Rd2 $1 $15) 23... Rg2 $1 24. Rd2 Rag8 $1 {( -> ...Rg1+)} 25. Red1 $2 {[#]} (25. Rxg2 Rxg2 26. Rd1) 25... Rg1+ $1 $19 {Black is clearly winning.} 26. Kf2 {[#]} R8g2+ $1 27. Ke3 Rxd1 {Precision: White = 21%, Black = 58%.} 0-1

[Event "Dvorkovich Memorial Rapid 2018"]
[Site "Taganrog"]
[Date "2018.01.14"]
[Round "9"]
[White "Getman, Tatyana"]
[Black "Kovalchuk, Alexey"]
[Result "0-1"]
[WhiteElo "2106"]
[BlackElo "2444"]
[Annotator "TA"]
[PlyCount "94"]
[EventDate "2018.??.??"]
[EventType "swiss"]
[EventCountry "RUS"]
[SourceTitle "playchess.com"]
[Source "ChessBase"]
[SourceQuality "1"]

{[%evp 29,94,0,2,-4,0,-12,-9,-39,-35,-42,-20,-19,-27,-18,-14,-47,-40,-51,-50,-43,-12,-24,-25,-34,-11,-55,-45,-91,-75,-86,-31,-78,-78,-106,-101,-163,-143,-181,-184,-275,-229,-249,-201,-372,-360,-815,-828,-798,-296,-924,-441,-321,-193,-201,-199,-189,-205,-29990,-29991,-29991,-29988,-29988,-29989,-29989,-29990,-29992,-29993]} 1. d4 Nf6 2. c4 c5 3. d5 e6 4. Nc3 exd5 5. cxd5 d6 6. e4 g6 7. Nf3 Bg7 8. h3 O-O 9. Bd3 b5 10. Nxb5 Re8 11. O-O Nxe4 12. Re1 a6 13. Na3 Nf6 14. Rxe8+ Nxe8 15. Nc4 Bb7 {LiveBook: 12 Games. A70: Modern Benoni: 6 e4 g6 7 Nf3} 16. Bf1 (16. Bg5 Qc7 17. Bd2 Bxd5 18. Ba5 Qb7 19. Nb6 Ra7 20. Nxd5 Qxd5 21. Qc2 Nf6 22. Rd1 Nc6 23. Qa4 Nxa5 24. Qxa5 Qa8 25. b3 h6 {½-½ (25) Kozul,Z (2604)-Cvitan,O (2533) Rijeka 2009}) 16... Nd7 17. Bg5 $146 ({Predecessor:} 17. Bf4 Ndf6 18. Ne3 Nc7 19. Bc4 Rb8 20. Qd2 Qd7 21. Rd1 Ne4 22. Qc2 Re8 23. a4 f5 {½-½ (23) Hellsten,J (2485)-Papaioannou,I (2470) Korinthos 1997}) 17... Qc7 {The position is equal.} 18. Qd3 Nef6 19. Ne3 Nb6 {[%cal Rf6d5]} 20. Bxf6 $1 Bxf6 21. Rb1 a5 22. Nd2 Bd4 23. Nc2 Bg7 ({Reject} 23... Nxd5 $6 24. Nxd4 cxd4 25. Qxd4 $11) 24. Ne3 Bh6 25. Ndc4 (25. Ng4 $5 {[%cal Rg4h6]} Bg7 26. Ne3 $17) 25... Nxc4 26. Nxc4 Bg7 27. g3 Bd4 28. Bg2 Ba6 29. b3 {[#]} Rb8 (29... a4 $1 $17 {[%mdl 512]} 30. Re1 (30. bxa4 Qd7) 30... axb3 31. axb3 Bb5) 30. Qc2 {[#]} a4 $1 {[%mdl 512]} 31. Nd2 (31. bxa4 Rxb1+) 31... axb3 32. Rxb3 (32. axb3 $17 {is a better defense.} Re8 33. Nc4) 32... Re8 $19 {White must now prevent ...Re2.} 33. Ra3 Bb5 {Strongly threatening ...Re2.} 34. Bf3 (34. Qb1 $142 Re2 35. Ne4) 34... Re1+ 35. Kg2 Kg7 36. Ra8 $2 (36. Nb3 Bf6 37. Nd2) 36... Qb7 37. Rd8 $2 (37. Ra3 Be2 38. h4) 37... Qe7 {aiming for ...Re2.} 38. Rb8 {[#]} Ba6 $2 (38... Re2 $1 {[%mdl 512]} 39. Kh1 (39. Bxe2 Qxe2) 39... Rxf2) 39. Rb6 $2 {[#]} (39. Nb3 Bf1+ 40. Kh2) 39... Be2 (39... Re2 $142 $1 {[%mdl 512]} 40. Kh1 (40. Bxe2 Qxe2) 40... Rxf2) 40. Rb3 Bxf3+ 41. Rxf3 {[#]} Qe2 $1 $40 {[%mdl 128] White is in trouble.} 42. Qd3 {[#]} Qd1 $1 {( -> ...Rg1+)} 43. g4 $2 (43. Nf1 $19) 43... Rg1+ {Black mates.} 44. Kh2 Be5+ 45. Rg3 Bxg3+ 46. fxg3 Re1 47. Qc3+ Kg8 {Precision: White = 25%, Black = 58%.} 0-1

[Event "Dvorkovich Memorial Rapid 2018"]
[Site "Taganrog"]
[Date "2018.01.14"]
[Round "9"]
[White "Simonyan, Grigori"]
[Black "Triapishko, Alexandr"]
[Result "0-1"]
[WhiteElo "2075"]
[BlackElo "2531"]
[Annotator "TA"]
[PlyCount "46"]
[EventDate "2018.??.??"]
[EventType "swiss"]
[EventCountry "RUS"]
[SourceTitle "playchess.com"]
[Source "ChessBase"]
[SourceQuality "1"]

{[%evp 24,46,5,0,0,0,0,-147,-115,-191,-185,-181,-181,-179,-160,-147,-131,-245,-246,-241,-248,-637,-640,-637,-627]} 1. d4 Nf6 2. c4 g6 3. Nc3 d5 4. cxd5 Nxd5 5. e4 Nxc3 6. bxc3 Bg7 7. Bc4 c5 8. Ne2 Nc6 9. Be3 O-O 10. O-O b6 11. dxc5 {D87: Grünfeldindisch (Abtauschvariante, Botwinnik-Variante)} (11. Rc1 Bb7 12. Qd2 e6 13. Rfd1 Qd7 14. h4 Rac8 15. h5 Na5 16. Bd3 f5 17. e5 c4 18. Bb1 Rfe8 {0-1 (40) Salem,A (2656)-Vachier Lagrave,M (2804) Doha 2016}) 11... Qc7 12. cxb6 axb6 13. Rb1 {LiveBook: 3 Partien. Die Stellung ist ausgeglichen.} Ne5 14. Bd5 Rb8 15. Qb3 $146 (15. Bf4 $11) ({Vorgänger:} 15. Qc1 Ba6 16. Qb2 e6 17. Bb3 Bd3 18. Rbd1 Bxe4 {0-1 (30) Geldyeva,M (2220)-Harika,D (2543) Doha 2016}) 15... Ba6 16. Rfe1 (16. Qb2 $17) 16... e6 $19 ({Schwächer ist} 16... Ng4 17. Bf4 $11) 17. Bxe6 fxe6 18. Qxe6+ Qf7 19. Qxf7+ Rxf7 20. Rxb6 (20. f3 $17 {kämpft weiter.}) 20... Rxb6 21. Bxb6 Rb7 22. f4 $2 {[#]} (22. Bd4 Bxe2 23. Bxe5 Bxe5 24. f4) 22... Nd3 23. Rb1 Bf8 0-1

[Event "Dvorkovich Memorial Rapid 2018"]
[Site "Taganrog"]
[Date "2018.01.14"]
[Round "10"]
[White "Paravyan, David"]
[Black "Musalov, Ruslan"]
[Result "1-0"]
[WhiteElo "2603"]
[BlackElo "2338"]
[Annotator "TA"]
[PlyCount "73"]
[EventDate "2018.??.??"]
[EventType "swiss"]
[EventCountry "RUS"]
[SourceTitle "playchess.com"]
[Source "ChessBase"]
[SourceQuality "1"]

{[%evp 24,73,48,48,53,45,60,51,49,47,46,41,53,47,50,17,4,6,50,0,0,0,0,0,0,0,0,0,0,0,0,-48,-2,-22,-11,0,91,71,215,215,206,210,224,190,529,536,997,950,997,997,989,989]} 1. Nf3 Nf6 2. c4 c5 3. Nc3 Nc6 4. d4 cxd4 5. Nxd4 g6 6. e4 Bg7 7. Be3 d6 8. Be2 Bd7 9. O-O O-O 10. Qd2 a6 11. Rac1 Nxd4 {B38: Sicilian: Maroczy Bind with 5...Bg7 and 7...0-0} (11... Rc8 12. f3 Nxd4 13. Bxd4 Be6 14. b3 Qa5 15. Rfd1 Nd7 16. Be3 Rfe8 17. Nd5 Qxd2 18. Rxd2 a5 19. Rb1 Nc5 20. g4 h6 {½-½ (20) Erdogdu,M (2463)-Mamedov,R (2645) Pardubice 2009}) 12. Bxd4 Bc6 13. f3 {LiveBook: 5 Games} a5 {White is slightly better.} 14. Rfd1 Nd7 15. Be3 a4 16. Nd5 Re8 $146 ({Predecessor:} 16... Nc5 17. Qb4 Bxd5 18. Bxc5 dxc5 19. Qxc5 Bxb2 20. Rc2 b6 {½-½ (59) Brajovic,R (2245)-Nikac,P (2361) Cetinje 2009}) 17. Bf1 Qa5 18. Qf2 Rac8 19. b4 axb3 $1 20. axb3 e6 21. b4 Qa3 22. b5 exd5 23. bxc6 bxc6 24. cxd5 c5 {[%cal Bc6c5,Bc5c4][%mdl 32]} 25. Bb5 Rc7 26. Rb1 $36 {[%mdl 2048] White fights for an advantage.} Rec8 27. f4 c4 28. Bc6 Nf6 {White must now prevent ...Ng4.} 29. Qf3 Re7 {[#]} (29... c3 $11 {keeps the balance.} 30. Rbc1 Re7) 30. e5 $1 {[%mdl 512]} dxe5 {[#]} (30... h5 $16) 31. d6 $1 $18 {aiming for Ra1.} e4 32. Qh3 Re6 33. d7 Rf8 $2 (33... Rd8 {is a better chance.} 34. Bb6 Qxh3 35. gxh3 c3) 34. d8=Q {White is clearly winning.} Rxd8 35. Rxd8+ Bf8 36. f5 Rxc6 37. Bh6 {Precision: White = 63%, Black = 53%.} 1-0

[Event "Dvorkovich Memorial Rapid 2018"]
[Site "Taganrog"]
[Date "2018.01.14"]
[Round "10"]
[White "Bocharov, Dmitry"]
[Black "Sarana, Alexey"]
[Result "1-0"]
[WhiteElo "2583"]
[BlackElo "2562"]
[Annotator "TA"]
[PlyCount "35"]
[EventDate "2018.??.??"]
[EventType "swiss"]
[EventCountry "RUS"]
[SourceTitle "playchess.com"]
[Source "ChessBase"]
[SourceQuality "1"]

{[%evp 15,35,-19,-18,-34,-8,-5,-2,-13,56,50,135,140,292,300,299,290,300,289,320,254,260,91]} 1. c4 Nf6 2. Nc3 e5 3. Nf3 Nc6 4. e3 Bb4 5. Nd5 Ba5 6. Qc2 {A28: English Opening: Four Knights Variation} d6 7. a3 Nxd5 8. cxd5 Ne7 {LiveBook: 4 Games} 9. Bc4 (9. b4 Bb6 10. Bc4 O-O 11. Bb2 Bf5 12. d3 Ng6 13. h4 h6 {0-1 (27) Ding,L (2774)-Carlsen,M (2837) Saint Louis 2017}) 9... c6 $146 ({Predecessor:} 9... O-O 10. O-O Bg4 11. b4 Bb6 12. Bb2 Qd7 13. Ng5 Qf5 14. Qxf5 Bxf5 {0-1 (59) Harsha,B (2445)-Van Foreest,J (2616) Tarvisio 2017}) 10. dxc6 bxc6 11. O-O e4 ({Black should try} 11... Bc7 $11) 12. Nd4 $14 {[#] Hoping for Nxc6!} Bb7 (12... O-O $14) 13. Qb3 (13. Qxe4 $2 d5 $17) 13... Qb6 $2 (13... d5 $16) 14. Bxf7+ $18 {White has a decisive advantage.} Kf8 15. f3 Qxb3 16. Bxb3 ({Weaker is} 16. Nxb3 Ba6 $16) 16... exf3 17. Rxf3+ Ke8 18. Be6 $2 (18. Bf7+ $18 {has better winning chances.} Kd7 19. Be6+ Ke8 20. Rf7) 1-0